LDR 00734naa#a2200193#i#450# 001 EN\\bibl\121347 005 20260514042225.4 011 ## _a1994-4683 100 ## _a20230803b2023####ek#y0engy0150####ca 102 ## _aRU 200 1# _aMETHODOLOGY FOR COMPREHENSIVE APPLICATION OF AEROBIC PROGRAMS IN CLASSES WITH WOMEN 30-35 YEARS OLD _eJournal article 210 1# _aMoscow _cNational State University of Physical Education, Sports and Health named after P.F. Lesgaft _d2023 215 ## _a3 с. 608 ## _aJournal article _2local 675 ## _aСпортивный отдых. Оздоровительный спорт. Компенсаторный спорт. 796.035 _z 700 #1 _a _g 700 #1 _a _g 700 #1 _a _g 856 4# _auchzapiski.lesgaft.spb.ru _u